Utečenecká kríza v EÚ a jej dôsledky na ekonomiku, spoločnosť i politické vzťahy
Utečenecká kríza v číslach. Počet prvých žiadostí o azyl v EÚ (2014-2015). Počet imigrantov do vybraných krajín EÚ z hľadiska pôvodu. Príčiny vzniku utečeneckej krízy. Následky utečeneckej a migračnej krízy v EÚ. Náklady na utečencov - prognóza vývoja do roku 2020. Regulovanie prílevu utečencov a sk...
Salvato in:
| Autore principale: | |
|---|---|
| Natura: | Capitolo di libro |
| Lingua: | slovacco |
| Soggetti: | |
| Tags: |
Nessun Tag, puoi essere il primo ad aggiungerne!!
|
MARC
| LEADER | 00000naa$a2200000$$$4500 | ||
|---|---|---|---|
| 001 | 0227176 | ||
| 005 | 20240502073738.1 | ||
| 041 | 0 | |a slo | |
| 044 | |a SK | ||
| 245 | 1 | 0 | |a Utečenecká kríza v EÚ a jej dôsledky na ekonomiku, spoločnosť i politické vzťahy |c Paula Puškárová |
| 520 | |a Utečenecká kríza v číslach. Počet prvých žiadostí o azyl v EÚ (2014-2015). Počet imigrantov do vybraných krajín EÚ z hľadiska pôvodu. Príčiny vzniku utečeneckej krízy. Následky utečeneckej a migračnej krízy v EÚ. Náklady na utečencov - prognóza vývoja do roku 2020. Regulovanie prílevu utečencov a skríningový proces ako neodmysliteľná súčasť úspešnej integrácie utečencov. | ||
| 610 | 2 | 0 | |a migrácia nelegálna |
| 610 | 2 | 0 | |a imigrácia |
| 610 | 2 | 0 | |a utečenci |
| 610 | 2 | 0 | |a kríza |
| 610 | 2 | 0 | |a politika medzinárodná |
| 610 | 2 | 0 | |a azyl |
| 610 | 2 | 0 | |a politika azylová |
| 610 | 2 | 0 | |a regulácia |
| 610 | 2 | 0 | |a Európska únia |
| 100 | 1 | |a Puškárová, Paula, 1985- | |